|
|
|
|
| LEADER |
02229nam a2200445 4500 |
| 001 |
ocn987909056 |
| 003 |
OCoLC |
| 005 |
20180501122036.0 |
| 006 |
m o d |
| 007 |
cr cnu---unuuu |
| 008 |
170524s2017 enk ob 000 0 eng d |
| 040 |
|
|
|a N$T
|b eng
|e rda
|e pn
|c N$T
|d OPELS
|d IDEBK
|d OCLCQ
|d OTZ
|d D6H
|d GrThAP
|
| 020 |
|
|
|a 9780128124710
|
| 020 |
|
|
|a 9780128124727
|q (electronic bk.)
|
| 020 |
|
|
|a 0128124725
|q (electronic bk.)
|
| 035 |
|
|
|a (OCoLC)987909056
|
| 050 |
|
4 |
|a QH581.2
|
| 072 |
|
7 |
|a SCI
|x 056000
|2 bisacsh
|
| 082 |
0 |
4 |
|a 571.6
|2 23
|
| 049 |
|
|
|a TEFA
|
| 245 |
0 |
0 |
|a International review of cell and molecular biology.
|n Volume 332 /
|c edited by Lorenzo Galluzzi.
|
| 250 |
|
|
|a First edition.
|
| 264 |
|
1 |
|a London, United Kingdom :
|b Academic Press is an imprint of Elsevier,
|c [2017].
|
| 264 |
|
4 |
|c Ã2017
|
| 300 |
|
|
|a 1 online resource (x, 345 pages).
|
| 336 |
|
|
|a text
|b txt
|2 rdacontent
|
| 337 |
|
|
|a computer
|b c
|2 rdamedia
|
| 338 |
|
|
|a online resource
|b cr
|2 rdacarrier
|
| 504 |
|
|
|a Includes bibliographical references.
|
| 520 |
|
|
|a International Review of Cell and Molecular Biology (IRCMB), Volume 330 includes comprehensive and detailed reviews on the current advances in cell and molecular biology. The IRCMB series has a world-wide readership, maintaining a high standard by publishing invited articles on important and timely topics authored by prominent cell and molecular biologists. The articles published in IRCMB have a high impact and an average cited half-life of nine years. IRCMB ranks high amongst scientific journals dealing with cell biology.
|
| 588 |
0 |
|
|a Print version record.
|
| 650 |
|
0 |
|a Cytology.
|
| 650 |
|
0 |
|a Molecular biology.
|
| 650 |
|
7 |
|a SCIENCE / Life Sciences / Anatomy & Physiology
|2 bisacsh
|
| 650 |
|
7 |
|a Cytology.
|2 fast
|0 (OCoLC)fst00886282
|
| 650 |
|
7 |
|a Molecular biology.
|2 fast
|0 (OCoLC)fst01024734
|
| 655 |
|
4 |
|a Electronic books.
|
| 700 |
1 |
|
|a Galluzzi, Lorenzo,
|e editor.
|
| 776 |
0 |
8 |
|i Print version:
|t International review of cell and molecular biology. Volume 332.
|d London, United Kingdom : Academic Press is an imprint of Elsevier, 2017
|z 9780128124710
|
| 856 |
4 |
0 |
|u https://www.sciencedirect.com/science/bookseries/19376448/332
|z Full Text via HEAL-Link
|